| 000 | 01283nam a2200253Ia 4500 | ||
|---|---|---|---|
| 999 |
_c47190 _d47190 |
||
| 001 | 14049 | ||
| 003 | GE_BSU | ||
| 005 | 20221028164115.0 | ||
| 008 | 181216s||||||||xx |||||||||||||| ||und|| | ||
| 040 | _cGE_BSU | ||
| 041 | _ageo | ||
| 080 | _a330.1(075.8)+336(075.8) მ-19 | ||
| 100 |
_aმაკკონელი,კემპბელ რ. _915650 |
||
| 245 |
_aეკონომიკსი : _b პრინციპები, პრობლემები და პოლიტიკა. ნაწ. 2 / _cკემპბელ რ. მაკკონელი, სტენლი ლ. ბრიუ ; [მთარგმნ.: კ. ღურწკაია და სხვ. ; პ/მგ. რედ.: კ. ღურწკაია, რ. გოგოხია] |
||
| 264 |
_aთბილისი, _c1993 |
||
| 300 |
_a518 გვ.; _b21სმ. |
||
| 541 | _h15ლ. | ||
| 653 | _aეკონომიკის თეორია | ||
| 653 | _aფინანსები | ||
| 700 |
_aბრიუ, სტენლი ლ. _eავტორი _915651 |
||
| 700 |
_aღურწკაია, კ. _eმთარგმნელი, რედაქტორი _915654 |
||
| 700 |
_aგოგოხია, რ., _eრედაქტორი _915656 |
||
| 942 |
_cBK _2udc |
||